| 000 | 00520nam a2200181Ia 4500 | ||
|---|---|---|---|
| 008 | 230312s9999 xx 000 0 und d | ||
| 041 | _aeng | ||
| 082 |
_a621.7 _b621.7 CHO |
||
| 100 | _aChoudhury S.K.H. | ||
| 245 |
_aElements Of Workshop Technology _bVol.II: Machine Tools |
||
| 260 |
_c2008 _bMedia Promoters & Publishers |
||
| 300 | _a700 | ||
| 365 |
_cRs. _b200.00 |
||
| 700 |
_aChoudhuryA.K.H. _9168287 |
||
| 710 |
_aChoudhury S.K.H. & Choudhury A.K.H. _9168288 |
||
| 906 | _b170 | ||
| 999 |
_c128996 _d128996 |
||